000 01634nas a2200349 a 4500
001 000377699
003 AM-YeHGA
005 20250617132050.0
008 030304c19999999ru r1 0 0rus d
022 0 _a0034-2343
040 _aAM-YeHGA
041 0 _arus
130 0 _aРеферативный журнал
210 1 _aРЖ
222 0 _aРеферативный журнал. 18. Физика. Систематический указатель
245 1 0 _aРеферативный журнал.
_n18,
_pФизика.
_pСистематический указатель /
_cАН СССР. ВИНИТИ, Гос. комитет СССР по науке и технике.
246 3 0 _aФизика
_pСистематический указатель
246 3 0 _aСистематический указатель
260 _aМосква :
_bИзд-во ВИНИТИ.
270 _aУл. Усиевича, 20
_bМосква
_e125190
_k(095) 152-5492 ; 152-6441
_l(095) 152-5492
_mmarket@viniti.ru
300 _aт.
310 _a2 раза в год
650 0 4 _aԱմսագիր
650 1 4 _aФизика
_vПериодические издания
650 1 4 _aФизика
_vСистематический указатель
710 0 _aВсесоюзный институт научной и технической информации (ВИНИТИ) АН СССР
710 2 _aГосударственный комитет СССР по науке и технике
856 4 _uhttp://www.viniti.ru
856 4 _uhttp://www.viniti.ru/pro_referat.html
942 _2udc
_cCR
090 _c145785
999 _c144401
_d144401